[Event "Bhubaneswar op-A 14th"]
[Site "Bhubaneswar"]
[Date "2023.06.16"]
[Round "8"]
[White "Sahu, Sekhar Chandra"]
[Black "Arjun Sidharth, S."]
[Result "1-0"]
[WhiteElo "2013"]
[BlackElo "1685"]
[PlyCount "105"]
[EventDate "2023.06.11"]
[EventType "swiss"]
[EventRounds "10"]
[EventCountry "IND"]
[SourceTitle "CBM 214 Extra"]
[Source "ChessBase"]
[SourceDate "2023.07.31"]
[SourceVersion "1"]
[SourceVersionDate "2023.07.31"]
[SourceQuality "1"]

1. d4 Nf6 2. c4 g6 3. Nc3 Bg7 4. e4 d6 5. f4 c5 6. dxc5 0-0 7. Nf3 Na6 8. cxd6 exd6 9. Bd3 Qb6 10. Na4 Qc6 11. Nd4 Qe8 12. 0-0 Nxe4 13. Nb5 Nb4 14. Be2 Qc6 15. a3 Na6 16. Be3 Nac5 17. Nac3 Nxc3 18. bxc3 a6 19. Qxd6 Qe4 20. Bxc5 Qxe2 21. Nc7 Bf5 22. Nxa8 Rxa8 23. Bd4 Qxc4 24. Bxg7 Kxg7 25. Qd4+ Qxd4+ 26. cxd4 Be4 27. Rfe1 f5 28. Rac1 Rd8 29. Rc7+ Kf6 30. Rd1 h5 31. Kf2 Rd6 32. d5 Rxd5 33. Rxd5 Bxd5 34. g3 Bc6 35. Ke3 Ke6 36. Kd4 Kf6 37. Kc5 Ke6 38. Rh7 Be4 39. Rh8 Bf3 40. Rd8 Be4 41. Rd6+ Kf7 42. a4 Bf3 43. a5 Be4 44. Kd4 Bf3 45. Ke5 Bc6 46. Rf6+ Kg7 47. Ke6 Bd5+ 48. Ke5 Be4 49. h4 Bf3 50. Ke6 Be4 51. Rf7+ Kg8 52. Kf6 Bc6 53. Rc7 1-0

[Event "Bhubaneswar op-A 14th"]
[Site "Bhubaneswar"]
[Date "2023.06.15"]
[Round "6"]
[White "Shah, Jeet"]
[Black "Arjun Sidharth, S."]
[Result "1/2-1/2"]
[WhiteElo "1988"]
[BlackElo "1685"]
[PlyCount "87"]
[EventDate "2023.06.11"]
[EventType "swiss"]
[EventRounds "10"]
[EventCountry "IND"]
[SourceTitle "CBM 214 Extra"]
[Source "ChessBase"]
[SourceDate "2023.07.31"]
[SourceVersion "1"]
[SourceVersionDate "2023.07.31"]
[SourceQuality "1"]

1. e4 c5 2. Nf3 d6 3. d4 cxd4 4. Nxd4 Nf6 5. Nc3 a6 6. Bc4 e6 7. Bb3 b5 8. Bg5 Be7 9. Qf3 Qc7 10. e5 Bb7 11. exd6 Bxd6 12. Qe3 Bc5 13. 0-0-0 Nc6 14. Bxf6 gxf6 15. Nd5 Qe5 16. Qxe5 Nxe5 17. Nc7+ Ke7 18. Nxa8 Bxg2 19. Rhe1 Bxd4 20. Rxd4 Nf3 21. Rxe6+ fxe6 22. Rg4 Rxa8 23. Rxg2 h5 24. c3 h4 25. Rg7+ Kd6 26. Bd1 Ne5 27. Be2 f5 28. f4 Nc4 29. Bf3 Rb8 30. Ra7 Rb6 31. Rh7 Rb8 32. b3 Ne3 33. Rxh4 Nd5 34. Kd2 Rg8 35. c4 bxc4 36. bxc4 Nb6 37. Kc3 Rg1 38. Be2 Nd5+ 39. Kd3 Nb4+ 40. Kd4 Nxa2 41. Rh7 Nb4 42. Bf3 Nc2+ 43. Kc3 Ne3 44. Bb7 1/2-1/2

[Event "Bhubaneswar op-A 14th"]
[Site "Bhubaneswar"]
[Date "2023.06.14"]
[Round "5"]
[White "Arjun Sidharth, S."]
[Black "Krishay, Jain"]
[Result "1-0"]
[WhiteElo "1685"]
[BlackElo "1420"]
[PlyCount "113"]
[EventDate "2023.06.11"]
[EventType "swiss"]
[EventRounds "10"]
[EventCountry "IND"]
[SourceTitle "CBM 214 Extra"]
[Source "ChessBase"]
[SourceDate "2023.07.31"]
[SourceVersion "1"]
[SourceVersionDate "2023.07.31"]
[SourceQuality "1"]

1. d4 f5 2. Nf3 Nf6 3. c4 e6 4. Nc3 Be7 5. e3 b6 6. Bd3 Bb7 7. 0-0 0-0 8. b3 Ne4 9. Bb2 d6 10. Nd2 Nxc3 11. Bxc3 e5 12. e4 exd4 13. Bxd4 Nc6 14. Bc3 Ne5 15. Bc2 f4 16. Nf3 Nxf3+ 17. Qxf3 Bf6 18. Rfe1 Be5 19. Bxe5 dxe5 20. Qd3 Qg5 21. Rad1 f3 22. g3 Rf6 23. Qd7 Rh6 24. Qf5 Qxf5 25. exf5 Re8 26. Rd7 Rd6 27. Rxc7 Rd2 28. f6 gxf6 29. Bxh7+ Kf8 30. Rxb7 e4 31. h4 e3 32. Rxe3 Rd1+ 33. Kh2 Rxe3 34. fxe3 f2 35. Bd3 Rxd3 36. Kg2 Rd1 37. Kxf2 Rd2+ 38. Kf3 Rxa2 39. g4 Rb2 40. Rxa7 Rxb3 41. Rb7 Rb4 42. c5 b5 43. c6 Rc4 44. c7 f5 45. Rb8+ Kg7 46. c8Q Rxc8 47. Rxc8 b4 48. Rb8 f4 49. exf4 b3 50. Rxb3 Kg6 51. Rb6+ Kg7 52. Ke4 Kg8 53. Kf5 Kf7 54. Rb7+ Kg8 55. Kf6 Kh8 56. Kg6 Kg8 57. Rb8# 1-0

[Event "IND-ch U15 47th"]
[Site "New Delhi"]
[Date "2022.12.06"]
[Round "11"]
[White "Nishant, Abhijeet Jawalkar"]
[Black "Arjun Sidharth, S."]
[Result "1/2-1/2"]
[WhiteElo "1454"]
[BlackElo "1681"]
[PlyCount "66"]
[EventDate "2022.11.28"]
[EventType "swiss"]
[EventRounds "11"]
[EventCountry "IND"]
[SourceTitle "EXT 2024"]
[Source "ChessBase"]
[SourceDate "2023.10.10"]
[SourceVersion "1"]
[SourceVersionDate "2023.10.10"]
[SourceQuality "1"]

1. e4 c5 2. Nf3 d6 3. Bb5+ Bd7 4. Bxd7+ Nxd7 5. 0-0 Ngf6 6. Re1 e5 7. c3 g6 8. d4 cxd4 9. cxd4 Bg7 10. Nc3 0-0 11. Bg5 Qb6 12. Qd2 Rfe8 13. Rad1 Qa5 14. dxe5 dxe5 15. Nd5 Qxd2 16. Rxd2 Nxd5 17. Rxd5 Nf8 18. Be3 b6 19. Rc1 Rac8 20. Kf1 Rxc1+ 21. Bxc1 Rc8 22. Bd2 f6 23. Ne1 Rc7 24. Ke2 Ne6 25. Be3 Kf7 26. f3 Bf8 27. Rd2 Bb4 28. Rc2 Ke7 29. Rxc7+ Nxc7 30. Nd3 Bd6 31. Kd2 Ke6 32. Kc3 f5 33. Kc4 f4 1/2-1/2

[Event "IND-ch U15 47th"]
[Site "New Delhi"]
[Date "2022.12.03"]
[Round "9"]
[White "Borkhetariya Devarsh, M."]
[Black "Arjun Sidharth, S."]
[Result "1/2-1/2"]
[WhiteElo "1484"]
[BlackElo "1681"]
[PlyCount "72"]
[EventDate "2022.11.28"]
[EventType "swiss"]
[EventRounds "11"]
[EventCountry "IND"]
[SourceTitle "CBM 211 Extra"]
[Source "ChessBase"]
[SourceDate "2023.01.31"]
[SourceVersion "1"]
[SourceVersionDate "2023.01.31"]
[SourceQuality "1"]

1. e4 c5 2. Nf3 d6 3. d4 cxd4 4. Nxd4 Nf6 5. Nc3 a6 6. Be2 e5 7. Nb3 Be7 8. 0-0 0-0 9. a4 Be6 10. f4 exf4 11. Bxf4 Nc6 12. Kh1 Ne5 13. Nd4 Qc7 14. Nf5 Bxf5 15. exf5 Rac8 16. Qd4 Nc4 17. Bxc4 Qxc4 18. Rad1 Qxd4 19. Rxd4 d5 20. Bg5 h6 21. Bh4 g5 22. fxg6 fxg6 23. Re1 Bd8 24. h3 g5 25. Bg3 Ba5 26. Re7 Bxc3 27. bxc3 Rf7 28. Re3 Ne4 29. Rxd5 Rxc3 30. Rxe4 Rxg3 31. Re6 Rf2 32. Rd7 Kf8 33. Rxh6 Kg8 34. Rg6+ Kf8 35. Rh6 Kg8 36. Rg6+ Kf8 1/2-1/2

[Event "IND-ch U15 47th"]
[Site "New Delhi"]
[Date "2022.12.01"]
[Round "5"]
[White "Sreyas, Payyappat"]
[Black "Arjun Sidharth, S."]
[Result "1-0"]
[WhiteElo "2145"]
[BlackElo "1681"]
[PlyCount "111"]
[EventDate "2022.11.28"]
[EventType "swiss"]
[EventRounds "11"]
[EventCountry "IND"]
[SourceTitle "CBM 211 Extra"]
[Source "ChessBase"]
[SourceDate "2023.01.31"]
[SourceVersion "1"]
[SourceVersionDate "2023.01.31"]
[SourceQuality "1"]

1. e4 c5 2. Nf3 d6 3. d4 cxd4 4. Nxd4 Nf6 5. Nc3 a6 6. h4 e5 7. Nb3 Be7 8. Bg5 Be6 9. Bxf6 Bxf6 10. g3 Be7 11. Qd2 Nd7 12. 0-0-0 b5 13. f4 b4 14. Nd5 Bxd5 15. Qxd5 0-0 16. Bh3 Nf6 17. Qc6 Qb8 18. Na5 Ra7 19. Qc4 Qb6 20. Nc6 Rc7 21. Nxe7+ Rxe7 22. Rhe1 Qf2 23. fxe5 Rxe5 24. Qxb4 Qxg3 25. Qxd6 Rfe8 26. Bf5 Qf4+ 27. Qd2 Qxd2+ 28. Kxd2 g6 29. Bh3 Rxe4 30. Bf1 Rd8+ 31. Kc1 Rxd1+ 32. Rxd1 a5 33. Bb5 Rxh4 34. c4 Rh5 35. a3 Kf8 36. Re1 g5 37. b4 axb4 38. axb4 g4 39. Bc6 g3 40. Kc2 Ng4 41. b5 Ne5 42. Bd5 Ke7 43. b6 Kd8 44. Ra1 Nd7 45. Ra8+ Ke7 46. b7 Rg5 47. Bg2 Rf5 48. Bc6 Rf2+ 49. Kc3 g2 50. Re8+ Kf6 51. Rg8 Nb8 52. Bxg2 Na6 53. Ra8 Nb8 54. Rxb8 Rxg2 55. Rd8 Rg3+ 56. Kb4 1-0

[Event "New Delhi Parsvnath blitz op 18th"]
[Site "New Delhi"]
[Date "2020.01.14"]
[Round "9"]
[White "Sharma, Avinash"]
[Black "Arjun Sidharth, S."]
[Result "0-1"]
[WhiteElo "1692"]
[BlackElo "1552"]
[PlyCount "138"]
[EventDate "2020.01.14"]
[EventType "swiss (blitz)"]
[EventRounds "9"]
[EventCountry "IND"]
[SourceTitle "CBM 194 Extra"]
[Source "ChessBase"]
[SourceDate "2020.03.31"]
[SourceVersion "1"]
[SourceVersionDate "2020.03.31"]
[SourceQuality "1"]

1. g3 Nf6 2. c4 g6 3. Bg2 Bg7 4. Nc3 d6 5. d4 0-0 6. Nf3 Nc6 7. 0-0 a6 8. a4 e5 9. Bg5 h6 10. Be3 Bd7 11. h3 Rb8 12. Qd2 exd4 13. Nxd4 Ne5 14. b3 Qe7 15. Bxh6 c5 16. Nc2 Nc6 17. Bg5 Qe5 18. f4 Qe6 19. Rad1 Nd4 20. Nxd4 cxd4 21. Na2 Ne4 22. Qd3 Bc6 23. Nb4 Nc5 24. Qb1 Bxg2 25. Kxg2 Qxe2+ 26. Rf2 Qe4+ 27. Qxe4 Nxe4 28. Rff1 Nxg5 29. fxg5 Rfe8 30. Rf2 Re3 31. Rd3 Rbe8 32. Rfd2 Re2+ 33. Rxe2 Rxe2+ 34. Kf3 Re5 35. Nd5 Rxg5 36. a5 Rf5+ 37. Kg2 Re5 38. Kf3 Kf8 39. g4 Re8 40. h4 f5 41. g5 Re4 42. Kg3 Be5+ 43. Kh3 f4 44. Kg4 Re1 45. Nf6 Rg1+ 46. Kf3 Rg3+ 47. Ke4 Rxd3 48. Kxd3 Bxf6 49. gxf6 Kf7 50. Kxd4 Kxf6 51. Ke4 g5 52. h5 Kg7 53. b4 Kh6 54. c5 dxc5 55. bxc5 Kxh5 56. Kf3 Kh4 57. Kg2 Kg4 58. Kf2 f3 59. Kg1 Kg3 60. c6 bxc6 61. Kh1 Kf2 62. Kh2 Ke2 63. Kg1 f2+ 64. Kh2 f1Q 65. Kg3 Qf4+ 66. Kg2 Qf3+ 67. Kh2 Qg4 68. Kh1 Kf2 69. Kh2 Qh4# 0-1

[Event "Mumbai Wealth op U13 4th"]
[Site "Mumbai"]
[Date "2019.01.02"]
[Round "4"]
[White "Arjun Sidharth, S."]
[Black "Bang, Atharva"]
[Result "1-0"]
[WhiteElo "1489"]
[BlackElo "1582"]
[PlyCount "120"]
[EventDate "2018.12.30"]
[EventType "swiss"]
[EventRounds "9"]
[EventCountry "IND"]
[SourceTitle "CBM 188 Extra"]
[Source "ChessBase"]
[SourceDate "2019.02.26"]
[SourceVersion "1"]
[SourceVersionDate "2019.02.26"]
[SourceQuality "1"]

1. d4 Nf6 2. Nf3 d5 3. e3 c6 4. Bd3 e6 5. Nbd2 Bd6 6. 0-0 Nbd7 7. e4 dxe4 8. Nxe4 Nxe4 9. Bxe4 Nf6 10. Bd3 0-0 11. c3 Qc7 12. Re1 Bf4 13. Ne5 Bxc1 14. Rxc1 b6 15. Bb1 Bb7 16. Qd3 Rfd8 17. Qg3 c5 18. dxc5 Qxc5 19. Rcd1 Be4 20. Bxe4 Nxe4 21. Qf4 Nf6 22. Ng4 Nxg4 23. Qxg4 Qc7 24. Qf3 Rxd1 25. Rxd1 Rd8 26. g3 h6 27. Rd3 Rxd3 28. Qxd3 Qe5 29. Qd2 Qe4 30. b3 Qd5 31. Qxd5 exd5 32. Kf1 Kf8 33. Ke2 Ke7 34. Ke3 Ke6 35. Kd4 Kd6 36. c4 dxc4 37. Kxc4 a6 38. Kd4 Kc6 39. Kc4 g6 40. b4 a5 41. bxa5 bxa5 42. a4 h5 43. f4 f6 44. h3 g5 45. f5 h4 46. g4 Kd6 47. Kb5 Ke5 48. Kxa5 Kf4 49. Kb5 Kg3 50. a5 Kxh3 51. a6 Kxg4 52. a7 Kxf5 53. a8Q g4 54. Qg2 Kg5 55. Kc4 h3 56. Qf2 f5 57. Kd4 f4 58. Ke4 f3 59. Qg3 Kh5 60. Kf5 f2 1-0

[Event "Mumbai Wealth rating op 4th"]
[Site "Mumbai"]
[Date "2018.12.31"]
[Round "2"]
[White "Arjun Sidharth, S."]
[Black "Sa, Kannan"]
[Result "1/2-1/2"]
[WhiteElo "1489"]
[BlackElo "2069"]
[PlyCount "75"]
[EventDate "2018.12.30"]
[EventType "swiss"]
[EventRounds "9"]
[EventCountry "IND"]
[SourceTitle "CBM 188 Extra"]
[Source "ChessBase"]
[SourceDate "2019.02.26"]
[SourceVersion "1"]
[SourceVersionDate "2019.02.26"]
[SourceQuality "1"]

1. d4 d5 2. Nf3 Nf6 3. e3 Bg4 4. c4 c6 5. Nc3 e6 6. Bd3 Nbd7 7. 0-0 Bd6 8. b3 Qb8 9. h3 h5 10. Bb2 Bh2+ 11. Kh1 g5 12. e4 dxe4 13. Nxe4 Nxe4 14. Bxe4 Qf4 15. d5 Qxe4 16. Bxh8 Bxf3 17. Qxf3 Qxf3 18. gxf3 Bf4 19. dxc6 bxc6 20. Bc3 c5 21. Rfd1 Ne5 22. Bxe5 Bxe5 23. Rab1 a5 24. Kg2 h4 25. Kf1 Ke7 26. Ke2 Rb8 27. Kd3 Rd8+ 28. Kc2 Bd4 29. Rd2 e5 30. a3 Ra8 31. b4 axb4 32. axb4 cxb4 33. Rxb4 Ra3 34. Rb3 Ra1 35. Rb1 Ra3 36. Rb3 Ra1 37. Rb1 Ra3 38. Rb3 1/2-1/2

[Event "Asian Schools-ch U07 10th"]
[Site "Taichung"]
[Date "2014.08.26"]
[Round "6.2"]
[White "Arjun Sidharth, S."]
[Black "Amirul, Amir Faiz"]
[Result "0-1"]
[WhiteElo "1192"]
[BlackElo "1498"]
[PlyCount "102"]
[EventDate "2014.08.24"]
[EventType "swiss"]
[EventRounds "9"]
[EventCountry "TPE"]
[SourceTitle "EXT 2024"]
[Source "ChessBase"]
[SourceDate "2023.10.10"]
[SourceVersion "1"]
[SourceVersionDate "2023.10.10"]
[SourceQuality "1"]

1. e4 e5 2. Nf3 Nf6 3. Nc3 d6 4. h3 Be6 5. Bb5+ Nbd7 6. d3 a6 7. Ba4 c5 8. Be3 b5 9. Bb3 b4 10. Ne2 Qb6 11. Qd2 a5 12. Ba4 Be7 13. Nc1 Qb7 14. Nb3 d5 15. exd5 Bxd5 16. Nxe5 Bxg2 17. Nxd7 Nxd7 18. Rg1 Bxh3 19. Rxg7 Bf6 20. Rg3 Bxb2 21. Qd1 Bxa1 22. Rxh3 Bc3+ 23. Ke2 0-0-0 24. Bxd7+ Qxd7 25. Rg3 c4 26. Nxa5 cxd3+ 27. cxd3 Qb5 28. Nb3 Rd7 29. Rg5 Rd5 30. Rxd5 Qxd5 31. Qc2 Qh5+ 32. Kf1 Qh1+ 33. Ke2 Qe1+ 34. Kf3 Qh1+ 35. Ke2 Rg8 36. Qc1 Rg1 37. Qxg1 Qxg1 38. Nd2 Bxd2 39. Bxd2 h5 40. Bf4 Qg4+ 41. Ke3 h4 42. d4 h3 43. Ke4 h2 44. Ke3 h1Q 45. Bg3 Qd5 46. Be5 Qxa2 47. f3 Qgg2 48. Bf4 b3 49. Be5 Qad2+ 50. Ke4 b2 51. d5 b1Q# 0-1